| 000 | 00922nam a2200277 i 4500 | ||
|---|---|---|---|
| 001 | bg | ||
| 100 | 1 | _aDobrodziej, Elżbieta. | |
| 245 | 1 | 0 |
_aŚwiadczenia z powszechnego ubezpieczenia zdrowotnego / _cElżbieta Dobrodziej. |
| 250 | _aStan prawny na dzień 31 października 2001 r. | ||
| 260 |
_aBydgoszcz : _bOficyna Wydawnicza Ośrodka Postępu Organizacyjnego, _c2001. |
||
| 300 |
_a90 s. ; _c21 cm. |
||
| 490 | 1 |
_aBiblioteka Menedżera i Służby Pracowniczej, _vz. 216 |
|
| 500 | _aNa s. 4 okł. błędny ISBN | ||
| 504 | _aWykaz aktów wykonawczych | ||
| 650 | 9 |
_aUbezpieczenia chorobowe _xprawo _zPolska _ystan na 2001 r. |
|
| 830 | 0 |
_aBiblioteka Menedżera i Służby Pracowniczej _vz. 216 |
|
| 020 | _a8372910367 | ||
| 040 | _cBPK | ||
| 041 | 0 | _apol | |
| 044 | _aPOL | ||
| 080 | _a349.3 | ||
| 080 | _a369.22 | ||
| 920 | _a83-7291-036-7 | ||
| 942 | _cKS | ||
| 008 | 130116s pl a f |000 0 pol | ||
| 999 |
_c53832 _d53832 |
||
| 856 |
_uhttp://koha.tu.koszalin.pl/cgi-bin/koha/opac-detail.pl?biblionumber=53832 _yKatalog online BPK |
||